| 000 | 00739nam a2200229Ia 4500 | ||
|---|---|---|---|
| 003 | GCL | ||
| 008 | 140319s9999 xx 000 0 ara d | ||
| 040 |
_aGCL / _cGCL |
||
| 082 | 0 | 4 |
_a330.9 _bب ب |
| 100 | 1 | _aبهنام بطرس | |
| 245 | 1 | 0 |
_aبيرويسترويكا (العالم الثالث) / _cبهنام بطرس |
| 260 |
_a[S.N] : _bدار الفارابى ، _c1988 |
||
| 300 | _a264 ص | ||
| 490 | _a | ||
| 650 | 0 | 4 | _aالدول النامية |
| 650 | 0 | 4 | _aالاحوال الاقتصادية |
| 650 | 0 | 4 | _aالعلاقات الاقتصادية الدولية |
| 650 | 0 | 4 | _aالتجارة الخارجية |
| 650 | 0 | 4 | _aالسياسة الاقتصادية |
| 650 | 0 | 4 | _aالامن الغذائى |
| 942 |
_2ddc _cBK |
||
| 999 |
_c29408 _d29408 |
||